000 00743nam a2200253Ia 4500
003 OSt
005 20221005033931.0
006 a|||||r|||| 00| 0
007 ta
008 221004b |||||||| |||| 00| 0 hin d
020 _a9788178541129 (hbk)
_c550
024 _a89504
037 _b1576, 24/12/2007, Vidyanidhi Prakashan
_cTextual
040 _aCRL
_cCRL
_bhin
041 _2hin
_ahin
082 _aQ14:21, P7
100 _aPant Nivedita
_9586489
245 0 _aAtharvaid ka samajik addhyan
260 _aDelhi
_bEastern Book Linkers India
_c2007
300 _a261p.
_ccm.
650 _aSANSKRIT
942 _hQ14:21, P7
_cTEXL
_2cc
999 _c942317
_d942317